Húsz év a szegedi zeneoktatásban
Elmentve itt :
| Szerző: | |
|---|---|
| Dokumentumtípus: | Cikk |
| Megjelent: |
1969-04-30
|
| Sorozat: | Délmagyarország
59 No. 97 |
| Kulcsszavak: | Zenei élet Szeged 1969, zeneélet 1962-1979 |
| Online Access: | http://dmarchiv.bibl.u-szeged.hu/61274 |
| LEADER | 00488nab a2200157 i 4500 | ||
|---|---|---|---|
| 001 | delm61274 | ||
| 005 | 20180927144520.0 | ||
| 008 | 180927s1969 hu o 0|| hun d | ||
| 040 | |a SZTE Délmagyarország Archívum |b hun | ||
| 041 | |a hun | ||
| 100 | 1 | |a Bach Lászlóné | |
| 245 | 1 | 0 | |a Húsz év a szegedi zeneoktatásban |h [elektronikus dokumentum] / |c Bach Lászlóné |
| 260 | |c 1969-04-30 | ||
| 300 | |a 5 | ||
| 490 | 0 | |a Délmagyarország |v 59 No. 97 | |
| 695 | |a Zenei élet Szeged 1969, zeneélet 1962-1979 | ||